000 00596nam a2200181Ia 4500
003 OSt
005 20240417145123.0
008 210210b1962 xxu||||| |||| 00| 0 eng d
040 _cAL
041 _aKannada
082 _a856/214
100 _aTIPPERUDRASVAMI (H) ತಿಪ್ಪೇರುದ್ರಸ್ವಾಮಿ ಹೆಚ್
_9161142
245 _aKannadadalli anubhava sahitya
_bಕನ್ನಡದಲ್ಲಿ ಅನುಭವ ಸಾಹಿತ್ಯ
260 _aMaisUru
_bMaisuru Vishvavidyalaya
_c1962
690 _aKannada Miscellaneous
_9161143
906 _a020452
942 _2ddc
_cBK
999 _c144600
_d144600